000 01131nam a2200253Ia 4500
999 _c51506
_d51506
001 18495
003 GE_BSU
005 20250508172110.0
008 181216s2013||||ge |||||||||||||| ||geo||
020 _a9789941107320
040 _cGE_BSU
041 _ageo
080 _a811.353.1(072)+37.026 მ-40
100 _aმაღლაკელიძე, ნათელა
_925028
245 _aქართული ენის სწავლების მეთოდიკა/დიდაქტიკა :
_b(I-VI კლასები) /
_cნათელა მაღლაკელიძე.
264 _aთბილისი :
_b"მერიდიანის" გამ-ბა და სტ.,
_c2013.
300 _a238 გვ.;
_b24 სმ.
300 _bბიბლიოგრ. ტექსტ. შენიშვნ.
504 _aბიბლიოგრ. ტექსტ. შენიშვნ.
653 _aპედაგოგიკა
653 _aქართული ენის სწავლების მეთოდიკა
653 _aდიდაქტიკა.
942 _cBK
_2udc